Experiments with foods/ (Record no. 795791)

MARC details
000 -LEADER
fixed length control field 00475nam a22001817a 4500
003 - CONTROL NUMBER IDENTIFIER
control field 3228
005 - DATE AND TIME OF LATEST TRANSACTION
control field 20260407111634.0
008 - FIXED-LENGTH DATA ELEMENTS--GENERAL INFORMATION
fixed length control field 260407b sa ||||| |||| 00| 0 eng d
020 ## - INTERNATIONAL STANDARD BOOK NUMBER
International Standard Book Number <a href="9780516227870">9780516227870</a>
040 ## - CATALOGING SOURCE
Transcribing agency RDA
082 #0 - DEWEY DECIMAL CLASSIFICATION NUMBER
Classification number J 507.8 TOCC
942 ## - ADDED ENTRY ELEMENTS
Creator ID 169
Creator Name Boniswa Ngcongolo
Modifier ID 169
Modifier Name Boniswa Ngcongolo
100 ## - MAIN ENTRY--PERSONAL NAME
Personal name Tocci, Salvatore
245 ## - TITLE STATEMENT
Title Experiments with foods/
250 ## - EDITION STATEMENT
Edition statement 1st ed.
260 ## - PUBLICATION, DISTRIBUTION, ETC.
Place of publication, distribution, etc. New York :
Name of publisher, distributor, etc. Children's Press,
Date of publication, distribution, etc. ©2003.
300 ## - PHYSICAL DESCRIPTION
Extent 47 pages :
Other physical details color illustrations ;
Dimensions 22 cm.
942 ## - ADDED ENTRY ELEMENTS
Source of classification or shelving scheme Dewey Decimal Classification
item type Book
Holdings
Withdrawn status Lost status Source of classification or shelving scheme Damaged status Not for loan Collection code Home library Current library Shelving location Date acquired Total Checkouts Full call number Barcode Date last seen Price effective from item type
    Dewey Decimal Classification     500: Science Badplaas / Manzana Public Library Badplaas / Manzana Public Library General Stacks 07.04.2026   J 507.8 TOCC 3322803173897 07.04.2026 07.04.2026 Book